Countries by Longest Runway - Statistics

General Stats
  • This quiz has been taken 42 times
  • The average score is 5 of 10
Answer Stats
Airport Length (metres) Country % Correct
Shigatse Peace Airport 5,000 China
97%
Denver International Airport 4,877 United States
94%
Ulyanovsk Vostochny Airport 5,000 Russia
88%
Embraer Unidade Gavião Peixoto Airport 4,967 Brazil
72%
Madrid-Torrejón Airport 4,818 Spain
47%
Upington Airport 4,900 South Africa
41%
Hamad International Airport 4,850 Qatar
22%
Erbil International Airport 4,800 Iraq
19%
Addis Ababa Bole International Airport 4,725 Ethiopia
6%
Robert Gabriel Mugabe International Airport 4,725 Zimbabwe
3%
No matching quizzes found
Score Distribution
Percent of People with Each Score
Percentile by Number Answered
Your Score History
You have not taken this quiz